| 000 | 00856nam a2200229Ia 4500 | ||
|---|---|---|---|
| 001 | 18140 | ||
| 003 | GE_BSU | ||
| 008 | 181216s||||||||xx |||||||||||||| ||und|| | ||
| 020 | _a978-9941-12-431-0 | ||
| 040 | _cGE_BSU | ||
| 080 | _a811.35 | ||
| 245 | _aაკადემიკოს ქეთევან ლომთათიძეს = Академику Кетеван Ломтатидзе | ||
| 245 | _cრედ. თ. გვანცელაძე | ||
| 250 | _aთსუ, ჰუმანიტ. მეცნ. ფაკ-ტი, კავკასიოლ. ინ-ტი | ||
| 260 | _aთბილისი | ||
| 260 | _bუნივერსალი | ||
| 260 | _c2008 | ||
| 300 | _a170გვ. ; 20სმ. | ||
| 541 | _h7ლ. | ||
| 653 | _aაკადემიკოს ქეთევან ლომთათიძეს | ||
| 942 | _cBK | ||
| 999 |
_c51181 _d51181 |
||